| 000 | 01005cam a2200289 a 4500 | ||
|---|---|---|---|
| 999 |
_c3481 _d3481 |
||
| 001 | 13874976 | ||
| 003 | OSt | ||
| 005 | 20200303144132.0 | ||
| 008 | 050216s2006 njua b 001 0 eng | ||
| 010 | _a 2005042190 | ||
| 020 | _a0131467042 | ||
| 040 |
_aDLC _cDLC |
||
| 042 | _apcc | ||
| 050 | 0 | 0 |
_aHF5718 _b.M86 2005 |
| 082 | 0 | 0 |
_a658.45 MUN 2006 _222 |
| 100 | 1 |
_aMunter, Mary. _95407 |
|
| 245 | 1 | 0 |
_aGuide to Managerial Communication: _beffective business writing and speaking |
| 250 | _a7th ed. | ||
| 260 |
_aNew Jersey; _bPearson/Prentice Hall, _c2006. |
||
| 300 |
_ax, 193 p. : _bill. ; _c21 cm. |
||
| 504 | _aIncludes bibliographical references and index. | ||
| 650 | 0 |
_aBusiness communication. _95408 |
|
| 650 | 0 |
_aManagement. _95409 |
|
| 906 |
_a7 _bcbc _corignew _d1 _eocip _f20 _gy-gencatlg |
||
| 942 |
_2ddc _cSLOAN |
||